[Event "Obert Pobla de Lillet 2017"]
[Site "La Pobla de Lillet ESP"]
[Date "2017.08.07"]
[Round "7.10"]
[White "Simon Padros, Emili"]
[Black "Povill Claros, Laura"]
[Result "1/2-1/2"]
[WhiteElo "2150"]
[BlackElo "1814"]
[PlyCount "47"]
[EventDate "2017.08.01"]
[EventType "swiss"]
[EventRounds "9"]
[EventCountry "ESP"]
[SourceTitle "Ajedrez en Madrid"]
[Source "lmi"]
[SourceDate "2016.08.01"]

1. e4 c5 2. Nc3 Nc6 3. Bb5 g6 4. Nf3 Bg7 5. O-O Nf6 6. Re1 O-O 7. e5 Ne8 8.
Bxc6 dxc6 9. d3 Nc7 10. h3 b6 11. a4 h6 12. a5 Be6 13. Bd2 Nd5 14. Ne4 Qc7 15.
Ra4 Qd8 16. Qe2 Nc7 17. axb6 axb6 18. Rea1 Qd7 19. b3 Rxa4 20. Rxa4 Ra8 21. Nc3
Bd5 22. Bf4 Rxa4 23. Nxa4 Ne6 24. Be3 1/2-1/2

[Event "Obert Pobla de Lillet 2017"]
[Site "La Pobla de Lillet ESP"]
[Date "2017.08.07"]
[Round "7.20"]
[White "Guasch Murtra, Josep Maria"]
[Black "Garcia Galeote, Lorenzo"]
[Result "0-1"]
[WhiteElo "1929"]
[BlackElo "1985"]
[PlyCount "166"]
[EventDate "2017.08.01"]
[EventType "swiss"]
[EventRounds "9"]
[EventCountry "ESP"]
[SourceTitle "Ajedrez en Madrid"]
[Source "lmi"]
[SourceDate "2016.08.01"]

1. d4 Nc6 2. d5 Nb8 3. Nf3 g6 4. Qd4 Nf6 5. e4 d6 6. Nc3 Bg7 7. Bg5 O-O 8. Qd2
Re8 9. h3 c6 10. O-O-O Bd7 11. Kb1 cxd5 12. exd5 Qb6 13. Be3 Ne4 14. Bxb6 Nxd2+
15. Nxd2 axb6 16. Nce4 Na6 17. Nc4 Bf5 18. f3 Nc5 19. Ng3 Ra4 20. Nxf5 gxf5 21.
b3 Ra6 22. a4 Rea8 23. Na3 Nxa4 24. Bxa6 Nc3+ 25. Kc1 Rxa6 26. Rd3 Rxa3 27. Kd2
Nb5 28. Re1 Bh6+ 29. Ke2 Ra2 30. Kf1 Rxc2 31. Rxe7 Bf4 32. g4 Bg3 33. gxf5 Kg7
34. Rxb7 Bf2 35. Rb8 Kf6 36. Rg8 Bc5 37. Rg4 h5 38. Re4 Ba3 39. Rc4 Rh2 40. Kg1
Rb2 41. Kf1 Bc5 42. Re4 Ba3 43. Rc4 Bc5 44. Re4 Nd4 45. Rexd4 Bxd4 46. Rxd4
Rxb3 47. Kf2 b5 48. Kg3 Rb1 49. Kf4 Ra1 50. Kg3 Ra8 51. Rh4 Kg5 52. Rb4 Rb8 53.
f4+ Kxf5 54. Kf3 h4 55. Ke3 f6 56. Kf3 Rg8 57. Rxb5 Rg3+ 58. Kf2 Ke4 59. Rb4+
Kxd5 60. Rb5+ Ke4 61. Rb4+ Kf5 62. Rd4 Rxh3 63. Rxd6 Ra3 64. Kg2 Ra4 65. Kh3
Rxf4 66. Rd5+ Kg6 67. Ra5 Rb4 68. Rc5 f5 69. Rc8 Kg5 70. Rg8+ Kf4 71. Rf8 Rb1
72. Ra8 Rh1+ 73. Kg2 Re1 74. Rf8 Re3 75. Rh8 h3+ 76. Kh2 Kf3 77. Rxh3+ Kf2 78.
Rh8 Re7 79. Kh3 Rg7 80. Kh4 f4 81. Ra8 f3 82. Ra2+ Kg1 83. Ra1+ Kg2 0-1

[Event "Obert Pobla de Lillet 2017"]
[Site "La Pobla de Lillet ESP"]
[Date "2017.08.08"]
[Round "8.1"]
[White "Cervello Tost, Ferran"]
[Black "Movsziszian, Karen"]
[Result "0-1"]
[WhiteElo "2310"]
[BlackElo "2502"]
[PlyCount "98"]
[EventDate "2017.08.01"]
[EventType "swiss"]
[EventRounds "9"]
[EventCountry "ESP"]
[SourceTitle "Ajedrez en Madrid"]
[Source "lmi"]
[SourceDate "2016.08.01"]

1. d4 d6 2. c4 g6 3. Nc3 Bg7 4. e4 Nf6 5. Be2 O-O 6. Bg5 Na6 7. f3 c5 8. d5 h6
9. Be3 e6 10. Qd2 exd5 11. cxd5 Nc7 12. g4 h5 13. g5 Nd7 14. a4 Ne5 15. h3 Re8
16. f4 Nd7 17. Bd3 Na6 18. Nf3 Nb4 19. Bb1 Nb6 20. Kf2 Nc4 21. Qe2 Nxe3 22.
Qxe3 a6 23. Qd2 Bd7 24. f5 Be5 25. Ne2 Qa5 26. Ra3 c4 27. Nc1 Nd3+ 28. Nxd3
Qxd2+ 29. Nxd2 cxd3 30. fxg6 fxg6 31. Bxd3 Bxb2 32. Ra2 Bd4+ 33. Ke2 b5 34. Nf3
Bc3 35. e5 dxe5 36. Bxg6 Rf8 37. Bxh5 b4 38. Bg4 Bxg4 39. hxg4 Rf4 40. Ke3 Raf8
41. Rh3 b3 42. Rah2 b2 43. Rh1 Rxg4 44. Nd2 Bxd2+ 45. Kxd2 Rf2+ 46. Ke3 Rc2 47.
Rh8+ Kg7 48. R8h7+ Kg6 49. Rb7 Rg3+ 0-1

[Event "Obert Pobla de Lillet 2017"]
[Site "La Pobla de Lillet ESP"]
[Date "2017.08.08"]
[Round "8.2"]
[White "Romero Pallares, Daniel"]
[Black "Muñoz Pantoja, Miguel"]
[Result "1/2-1/2"]
[WhiteElo "2248"]
[BlackElo "2497"]
[PlyCount "24"]
[EventDate "2017.08.01"]
[EventType "swiss"]
[EventRounds "9"]
[EventCountry "ESP"]
[SourceTitle "Ajedrez en Madrid"]
[Source "lmi"]
[SourceDate "2016.08.01"]

1. e4 d5 2. exd5 Qxd5 3. Nc3 Qa5 4. d4 Nf6 5. Nf3 Bg4 6. h3 Bxf3 7. Qxf3 c6 8.
Bd2 Nbd7 9. O-O-O e6 10. Kb1 Bb4 11. g4 Bxc3 12. Bxc3 Qd5 1/2-1/2

[Event "Obert Pobla de Lillet 2017"]
[Site "La Pobla de Lillet ESP"]
[Date "2017.08.08"]
[Round "8.3"]
[White "De la Riva Aguado, Jorge"]
[Black "Mellado Triviño, Juan"]
[Result "1/2-1/2"]
[WhiteElo "2206"]
[BlackElo "2392"]
[PlyCount "24"]
[EventDate "2017.08.01"]
[EventType "swiss"]
[EventRounds "9"]
[EventCountry "ESP"]
[SourceTitle "Ajedrez en Madrid"]
[Source "lmi"]
[SourceDate "2016.08.01"]

1. d4 e6 2. Nf3 c5 3. e3 Nf6 4. Bd3 b6 5. O-O Bb7 6. b3 Be7 7. Bb2 O-O 8. c4
cxd4 9. Nxd4 Nc6 10. Nxc6 Bxc6 11. Nc3 Qc7 12. Qe2 d6 1/2-1/2

[Event "Obert Pobla de Lillet 2017"]
[Site "La Pobla de Lillet ESP"]
[Date "2017.08.08"]
[Round "8.4"]
[White "Renteria Becerra, Jorge"]
[Black "Palacios Herrero, Pablo"]
[Result "1-0"]
[WhiteElo "2332"]
[BlackElo "2122"]
[PlyCount "77"]
[EventDate "2017.08.01"]
[EventType "swiss"]
[EventRounds "9"]
[EventCountry "ESP"]
[SourceTitle "Ajedrez en Madrid"]
[Source "lmi"]
[SourceDate "2016.08.01"]

1. e4 e6 2. d4 d5 3. Bd3 dxe4 4. Bxe4 Nf6 5. Bf3 c5 6. Ne2 cxd4 7. Qxd4 Nbd7 8.
Nbc3 Bc5 9. Qh4 Be7 10. Qg3 O-O 11. O-O Qa5 12. Nd4 Qe5 13. Be3 Qxg3 14. hxg3
a6 15. Rad1 Ne5 16. Be2 Bd7 17. Nf3 Ng6 18. g4 Bb5 19. Nxb5 axb5 20. g5 Nd5 21.
Bd4 Rfc8 22. Bxb5 Rxc2 23. a3 Ngf4 24. Rfe1 Bc5 25. Rc1 Rxc1 26. Rxc1 Bxd4 27.
Nxd4 Kf8 28. Bf1 Ra4 29. Nb5 Re4 30. Rc8+ Ke7 31. Rb8 Re1 32. Rxb7+ Kf8 33. g3
Nh3+ 34. Kg2 Nxg5 35. a4 f5 36. Bc4 Rc1 37. Bxd5 exd5 38. a5 Ra1 39. Na3 1-0

[Event "Obert Pobla de Lillet 2017"]
[Site "La Pobla de Lillet ESP"]
[Date "2017.08.08"]
[Round "8.5"]
[White "Prats Rodriguez, Juan Bosco"]
[Black "Aranda Marin, Cristian"]
[Result "0-1"]
[WhiteElo "1978"]
[BlackElo "2263"]
[PlyCount "70"]
[EventDate "2017.08.01"]
[EventType "swiss"]
[EventRounds "9"]
[EventCountry "ESP"]
[SourceTitle "Ajedrez en Madrid"]
[Source "lmi"]
[SourceDate "2016.08.01"]

1. e4 c5 2. Nc3 d6 3. g3 Nc6 4. Bg2 g6 5. d3 Bg7 6. Be3 Nf6 7. h3 O-O 8. f4 Rb8
9. Nf3 b5 10. a3 a5 11. O-O b4 12. axb4 axb4 13. Ne2 Bb7 14. b3 Nd7 15. Rc1 Ra8
16. g4 Ra2 17. d4 cxd4 18. Nfxd4 Qa8 19. Ng3 Nxd4 20. Bxd4 Bxd4+ 21. Qxd4 Rc8
22. Qxb4 Rcxc2 23. Rxc2 Rxc2 24. Qa4 Qxa4 25. bxa4 Ra2 26. Rb1 Nc5 27. Rb4 Ra1+
28. Bf1 Ba6 29. Kg2 Ra2+ 30. Kf3 Ra3+ 31. Kg2 Bxf1+ 32. Nxf1 Nd3 33. Rb8+ Kg7
34. f5 Nf4+ 35. Kg1 Rxa4 0-1

[Event "Obert Pobla de Lillet 2017"]
[Site "La Pobla de Lillet ESP"]
[Date "2017.08.08"]
[Round "8.6"]
[White "Dan, Teodor"]
[Black "Perez Garcia, Adria"]
[Result "1-0"]
[WhiteElo "2191"]
[BlackElo "2035"]
[PlyCount "71"]
[EventDate "2017.08.01"]
[EventType "swiss"]
[EventRounds "9"]
[EventCountry "ESP"]
[SourceTitle "Ajedrez en Madrid"]
[Source "lmi"]
[SourceDate "2016.08.01"]

1. d4 d5 2. c4 c6 3. Nf3 Nf6 4. Nc3 e6 5. Bg5 Nbd7 6. e3 Qa5 7. cxd5 Nxd5 8.
Qd2 N7b6 9. Bd3 Nxc3 10. bxc3 Nd5 11. O-O Qxc3 12. Qe2 Be7 13. Bxe7 Nxe7 14.
Ne5 Ng6 15. Nc4 Qb4 16. Rab1 Qe7 17. Rfc1 O-O 18. Bxg6 hxg6 19. e4 b6 20. Qe3
Rd8 21. e5 Rd5 22. Nd6 Bb7 23. Rc3 Rd8 24. Ra3 Ba8 25. Qf4 c5 26. dxc5 Rxc5 27.
Rc1 Rxc1+ 28. Qxc1 f6 29. f4 g5 30. Rc3 Qd7 31. Qc2 fxe5 32. fxe5 Rf8 33. Rh3
Rf5 34. Nxf5 exf5 35. Re3 Qe8 36. Qc4+ 1-0

[Event "Obert Pobla de Lillet 2017"]
[Site "La Pobla de Lillet ESP"]
[Date "2017.08.08"]
[Round "8.7"]
[White "Guix Torres, David"]
[Black "Garcia Paolicchi, Raul"]
[Result "1/2-1/2"]
[WhiteElo "2040"]
[BlackElo "2189"]
[PlyCount "30"]
[EventDate "2017.08.01"]
[EventType "swiss"]
[EventRounds "9"]
[EventCountry "ESP"]
[SourceTitle "Ajedrez en Madrid"]
[Source "lmi"]
[SourceDate "2016.08.01"]

1. e4 c6 2. d4 d5 3. Nc3 dxe4 4. Nxe4 Bf5 5. Nc5 Nd7 6. Bd3 Bxd3 7. Nxd3 e6 8.
Nf3 Ngf6 9. O-O Be7 10. c4 O-O 11. b3 Qa5 12. Bb2 Ba3 13. Bxa3 Qxa3 14. Qe2 Qa5
15. Rfd1 Rad8 1/2-1/2

[Event "Obert Pobla de Lillet 2017"]
[Site "La Pobla de Lillet ESP"]
[Date "2017.08.08"]
[Round "8.8"]
[White "Torrents Señal, Marc"]
[Black "Boix Moreno, Daniel"]
[Result "0-1"]
[WhiteElo "2028"]
[BlackElo "2300"]
[PlyCount "58"]
[EventDate "2017.08.01"]
[EventType "swiss"]
[EventRounds "9"]
[EventCountry "ESP"]
[SourceTitle "Ajedrez en Madrid"]
[Source "lmi"]
[SourceDate "2016.08.01"]

1. d4 Nf6 2. c4 g6 3. Nc3 d5 4. e3 Bg7 5. Nf3 O-O 6. cxd5 Nxd5 7. Bc4 Nxc3 8.
bxc3 c5 9. O-O Qc7 10. Qc2 Nc6 11. Ba3 Na5 12. Bd3 b6 13. dxc5 Bb7 14. cxb6
axb6 15. Bb2 Nc4 16. Bxc4 Qxc4 17. Nd2 Qg4 18. f3 Qe6 19. e4 Rxa2 20. Rxa2 Qxa2
21. Ra1 Qe6 22. c4 Bh6 23. Qc3 f6 24. Nb3 Rc8 25. Ra4 b5 26. Nd4 Qd7 27. Rb4 e5
28. Nxb5 Qd1+ 29. Kf2 Bd2 0-1

[Event "Obert Pobla de Lillet 2017"]
[Site "La Pobla de Lillet ESP"]
[Date "2017.08.08"]
[Round "8.9"]
[White "Capellades Subirana, Marc"]
[Black "Ros Alonso, Joana"]
[Result "1-0"]
[WhiteElo "2227"]
[BlackElo "1820"]
[PlyCount "71"]
[EventDate "2017.08.01"]
[EventType "swiss"]
[EventRounds "9"]
[EventCountry "ESP"]
[SourceTitle "Ajedrez en Madrid"]
[Source "lmi"]
[SourceDate "2016.08.01"]

1. e4 e6 2. Nf3 d5 3. Nc3 Nf6 4. e5 Nfd7 5. d4 c5 6. Ne2 cxd4 7. Nexd4 Nc6 8.
Nxc6 bxc6 9. Bd3 Ba6 10. O-O Bxd3 11. cxd3 c5 12. Qa4 Be7 13. Qg4 g6 14. Bh6
Qc7 15. Rfe1 Bf8 16. Bxf8 Kxf8 17. Rac1 Qb6 18. Qa4 Rd8 19. d4 Kg7 20. dxc5
Nxc5 21. Qf4 Nd3 22. Qf6+ Kg8 23. Ng5 Rf8 24. Rc8 Qxf2+ 25. Qxf2 Nxf2 26. Rxf8+
Kxf8 27. Kxf2 h6 28. Nf3 Ke7 29. Rc1 Kd7 30. Rc3 Rb8 31. Rb3 Rc8 32. Rb7+ Ke8
33. Ne1 a5 34. Rb5 Rc4 35. Rxa5 Rf4+ 36. Nf3 1-0

[Event "Obert Pobla de Lillet 2017"]
[Site "La Pobla de Lillet ESP"]
[Date "2017.08.08"]
[Round "8.10"]
[White "Povill Claros, Laura"]
[Black "Ayza Ballester, Jordi"]
[Result "0-1"]
[WhiteElo "1814"]
[BlackElo "2204"]
[PlyCount "92"]
[EventDate "2017.08.01"]
[EventType "swiss"]
[EventRounds "9"]
[EventCountry "ESP"]
[SourceTitle "Ajedrez en Madrid"]
[Source "lmi"]
[SourceDate "2016.08.01"]

1. e4 c5 2. Nf3 Nc6 3. Bb5 Qc7 4. O-O e6 5. Re1 d6 6. c3 Nf6 7. d4 Bd7 8. Nbd2
Be7 9. Nb3 e5 10. d5 Nb8 11. Bxd7+ Nbxd7 12. c4 h6 13. Nbd2 O-O-O 14. Rb1 g5
15. h3 g4 16. hxg4 Nxg4 17. Nh2 Nxh2 18. Kxh2 Rdg8 19. Nf1 Bh4 20. g3 Bg5 21.
Bxg5 hxg5+ 22. Kg2 Nf6 23. Qf3 Qe7 24. Ne3 Kb8 25. Nf5 Qc7 26. b4 Ne8 27. Qb3
Ng7 28. bxc5 Nxf5 29. exf5 dxc5 30. Rxe5 f6 31. Ree1 Rh7 32. Rh1 Rgh8 33. Rxh7
Qxh7 34. Qb5 a6 35. Qb3 Qh3+ 36. Kf3 Qxf5+ 37. Kg2 Qe4+ 38. f3 Qe2+ 39. Kg1 Rh7
40. g4 Qh2+ 41. Kf1 Qg3 42. Rb2 Rh1+ 43. Ke2 Qe5+ 44. Kd2 Rh2+ 45. Kc1 Qe1+ 46.
Qd1 Qc3+ 0-1

[Event "Obert Pobla de Lillet 2017"]
[Site "La Pobla de Lillet ESP"]
[Date "2017.08.08"]
[Round "8.14"]
[White "Garcia Galeote, Lorenzo"]
[Black "Fabre Massana, Miquel"]
[Result "1/2-1/2"]
[WhiteElo "1985"]
[BlackElo "2078"]
[PlyCount "74"]
[EventDate "2017.08.01"]
[EventType "swiss"]
[EventRounds "9"]
[EventCountry "ESP"]
[SourceTitle "Ajedrez en Madrid"]
[Source "lmi"]
[SourceDate "2016.08.01"]

1. d4 Nf6 2. Nf3 d5 3. e3 Bf5 4. Bd3 Bxd3 5. Qxd3 c6 6. Nbd2 Nbd7 7. O-O e6 8.
e4 dxe4 9. Nxe4 Nxe4 10. Qxe4 Be7 11. b3 O-O 12. Bb2 Bf6 13. Rad1 g6 14. c4 Qa5
15. Qc2 Bg7 16. Bc3 Qh5 17. Rd3 Rfe8 18. Rfd1 Rac8 19. Bb4 a6 20. Bd6 Qf5 21.
Qd2 Nf6 22. Qg5 Qxg5 23. Nxg5 Rcd8 24. Be5 Nd7 25. Bxg7 Kxg7 26. Ne4 Nf6 27. f3
b6 28. Kf2 Re7 29. Nc3 Red7 30. Ke3 Kf8 31. Na4 Rb7 32. g4 Ke7 33. h3 Rbb8 34.
R1d2 h6 35. h4 a5 36. Nc3 Rbc8 37. a4 Rc7 1/2-1/2

[Event "Obert Pobla de Lillet 2017"]
[Site "La Pobla de Lillet ESP"]
[Date "2017.08.09"]
[Round "9.1"]
[White "Movsziszian, Karen"]
[Black "Dan, Teodor"]
[Result "1-0"]
[WhiteElo "2502"]
[BlackElo "2191"]
[PlyCount "82"]
[EventDate "2017.08.01"]
[EventType "swiss"]
[EventRounds "9"]
[EventCountry "ESP"]
[SourceTitle "Ajedrez en Madrid"]
[Source "lmi"]
[SourceDate "2016.08.01"]

1. g3 g6 2. Bg2 Bg7 3. d3 Nf6 4. f4 O-O 5. Nf3 c5 6. O-O Nc6 7. Nc3 d6 8. Kh1
Rb8 9. a4 a6 10. Nh4 Qc7 11. f5 b5 12. axb5 axb5 13. Bg5 Qd7 14. e4 b4 15. Ne2
Bb7 16. Qd2 Ra8 17. Rab1 Ne5 18. Nf3 b3 19. Nxe5 dxe5 20. c4 Rfd8 21. Rbd1 Ra6
22. Qe3 Rd6 23. Nc1 Bc6 24. Nxb3 Qb7 25. Nxc5 Qxb2 26. Rb1 Qc3 27. Rfc1 Qa5 28.
Ra1 Qc7 29. fxg6 hxg6 30. Na6 Qd7 31. Nb4 Nh7 32. Ra7 Bb7 33. c5 Rd4 34. c6 Qd6
35. Bxe7 Qxe7 36. Rxb7 Qf8 37. c7 Rc8 38. Qe1 Ng5 39. Nc6 Ne6 40. Rb8 Rd7 41.
Rxc8 Qxc8 1-0

[Event "Obert Pobla de Lillet 2017"]
[Site "La Pobla de Lillet ESP"]
[Date "2017.08.09"]
[Round "9.2"]
[White "Muñoz Pantoja, Miguel"]
[Black "Renteria Becerra, Jorge"]
[Result "1/2-1/2"]
[WhiteElo "2497"]
[BlackElo "2332"]
[PlyCount "20"]
[EventDate "2017.08.01"]
[EventType "swiss"]
[EventRounds "9"]
[EventCountry "ESP"]
[SourceTitle "Ajedrez en Madrid"]
[Source "lmi"]
[SourceDate "2016.08.01"]

1. e4 c5 2. Nf3 d6 3. Bb5+ Bd7 4. Bxd7+ Qxd7 5. O-O Nf6 6. Re1 g6 7. c4 Bg7 8.
d4 cxd4 9. Nxd4 Nc6 10. Nc3 O-O 1/2-1/2

[Event "Obert Pobla de Lillet 2017"]
[Site "La Pobla de Lillet ESP"]
[Date "2017.08.09"]
[Round "9.3"]
[White "Aranda Marin, Cristian"]
[Black "Romero Pallares, Daniel"]
[Result "1-0"]
[WhiteElo "2263"]
[BlackElo "2248"]
[PlyCount "59"]
[EventDate "2017.08.01"]
[EventType "swiss"]
[EventRounds "9"]
[EventCountry "ESP"]
[SourceTitle "Ajedrez en Madrid"]
[Source "lmi"]
[SourceDate "2016.08.01"]

1. e4 g6 2. d4 Bg7 3. Nc3 d6 4. f4 a6 5. Nf3 b5 6. Bd3 Nd7 7. e5 Bb7 8. O-O e6
9. a4 b4 10. Ne4 Ne7 11. exd6 Nf5 12. dxc7 Qxc7 13. c3 bxc3 14. bxc3 Nf6 15.
Nxf6+ Bxf6 16. Bd2 O-O 17. Kh1 Bd5 18. Qe2 Qc6 19. Ne5 Bxe5 20. fxe5 Rab8 21.
c4 Nxd4 22. cxd5 Qxd5 23. Qe4 Qxe4 24. Bxe4 Nb3 25. Bh6 Rfc8 26. Rad1 Nc5 27.
Bc2 Rb2 28. Rc1 Nd7 29. Bxg6 Rxc1 30. Bxf7+ 1-0

[Event "Obert Pobla de Lillet 2017"]
[Site "La Pobla de Lillet ESP"]
[Date "2017.08.09"]
[Round "9.5"]
[White "Garcia Paolicchi, Raul"]
[Black "Cervello Tost, Ferran"]
[Result "1/2-1/2"]
[WhiteElo "2189"]
[BlackElo "2310"]
[PlyCount "46"]
[EventDate "2017.08.01"]
[EventType "swiss"]
[EventRounds "9"]
[EventCountry "ESP"]
[SourceTitle "Ajedrez en Madrid"]
[Source "lmi"]
[SourceDate "2016.08.01"]

1. d4 d5 2. c4 e5 3. dxe5 d4 4. Nf3 Nc6 5. Nbd2 Qe7 6. a3 Bg4 7. h3 Bxf3 8.
Nxf3 O-O-O 9. Qa4 Kb8 10. Bd2 Nxe5 11. O-O-O g6 12. Bf4 Nxf3 13. exf3 Bh6 14.
Bxh6 Nxh6 15. Bd3 Qg5+ 16. Kb1 Qxg2 17. Be4 Nf5 18. c5 c6 19. Qb3 Ka8 20. Qxf7
Qg5 21. Rd3 Qe7 22. Qxe7 Nxe7 23. Rhd1 Kb8 1/2-1/2

[Event "Obert Pobla de Lillet 2017"]
[Site "La Pobla de Lillet ESP"]
[Date "2017.08.09"]
[Round "9.6"]
[White "Boix Moreno, Daniel"]
[Black "Simon Padros, Emili"]
[Result "1-0"]
[WhiteElo "2300"]
[BlackElo "2150"]
[PlyCount "117"]
[EventDate "2017.08.01"]
[EventType "swiss"]
[EventRounds "9"]
[EventCountry "ESP"]
[SourceTitle "Ajedrez en Madrid"]
[Source "lmi"]
[SourceDate "2016.08.01"]

1. e4 e6 2. d4 d5 3. Nd2 Nf6 4. e5 Nfd7 5. Ngf3 c5 6. c3 b6 7. Bb5 Ba6 8. a4
Be7 9. O-O O-O 10. Re1 Bxb5 11. axb5 a5 12. c4 Re8 13. Nf1 Nf8 14. Ne3 dxc4 15.
d5 exd5 16. Qxd5 Qxd5 17. Nxd5 Bd8 18. Ra4 Ra7 19. Rxc4 Rd7 20. Nc3 Bc7 21.
Rce4 Ne6 22. Be3 Red8 23. Ng5 h6 24. Nxe6 fxe6 25. Kf1 Rf7 26. Ke2 Nd7 27. Rd1
Nf8 28. Rxd8 Bxd8 29. f4 h5 30. g3 g6 31. Rc4 Rd7 32. Ne4 Be7 33. Rc2 Kf7 34.
Nd2 Bd8 35. Rc1 Rd5 36. Nc4 Bc7 37. b3 Nd7 38. Nb2 g5 39. Na4 gxf4 40. gxf4 Nf8
41. Nc3 Rd8 42. Ne4 Nh7 43. Rg1 Rg8 44. Rxg8 Kxg8 45. Nc3 h4 46. Ne4 Kf7 47.
Kf3 Kg6 48. Kg4 Bd8 49. h3 Be7 50. Nd2 Nf8 51. Bf2 Bd8 52. Nc4 Kf7 53. Bxh4 Bc7
54. Bg5 Ng6 55. h4 Ne7 56. Bxe7 Kxe7 57. f5 Kf7 58. Kf4 Ke7 59. h5 1-0

[Event "Obert Pobla de Lillet 2017"]
[Site "La Pobla de Lillet ESP"]
[Date "2017.08.09"]
[Round "9.7"]
[White "Guix Torres, David"]
[Black "De la Riva Aguado, Jorge"]
[Result "0-1"]
[WhiteElo "2040"]
[BlackElo "2206"]
[PlyCount "78"]
[EventDate "2017.08.01"]
[EventType "swiss"]
[EventRounds "9"]
[EventCountry "ESP"]
[SourceTitle "Ajedrez en Madrid"]
[Source "lmi"]
[SourceDate "2016.08.01"]

1. e4 g6 2. d4 Bg7 3. Nf3 d6 4. h3 a6 5. Be3 Nd7 6. Nc3 b5 7. Qd2 Bb7 8. a4 b4
9. Nd5 e6 10. Nxb4 a5 11. Nd3 Bxe4 12. Be2 Ne7 13. Bh6 O-O 14. O-O Nf5 15. Bxg7
Kxg7 16. Qf4 Bc6 17. b3 f6 18. Qd2 e5 19. dxe5 fxe5 20. Nf4 Nc5 21. Qc3 Qf6 22.
Nd3 e4 23. Qxf6+ Rxf6 24. Nxc5 exf3 25. Bxf3 Bxf3 26. gxf3 dxc5 27. Rad1 Rd6
28. Rfe1 Rad8 29. Rxd6 cxd6 30. Kf1 Kf7 31. c3 d5 32. Re5 Kf6 33. Re2 d4 34.
cxd4 Nxd4 35. Re3 Rb8 36. Rc3 Nxb3 37. Ke2 Nd4+ 38. Kd2 Rb2+ 39. Kc1 Rxf2 0-1

[Event "Obert Pobla de Lillet 2017"]
[Site "La Pobla de Lillet ESP"]
[Date "2017.08.09"]
[Round "9.8"]
[White "Ayza Ballester, Jordi"]
[Black "Simon Del Sol, Jaume"]
[Result "1-0"]
[WhiteElo "2204"]
[BlackElo "1947"]
[PlyCount "77"]
[EventDate "2017.08.01"]
[EventType "swiss"]
[EventRounds "9"]
[EventCountry "ESP"]
[SourceTitle "Ajedrez en Madrid"]
[Source "lmi"]
[SourceDate "2016.08.01"]

1. e4 c6 2. d4 d5 3. Nc3 dxe4 4. Nxe4 Bf5 5. Ng3 Bg6 6. Nf3 h6 7. Ne5 Bh7 8.
Qf3 Nf6 9. Qb3 e6 10. Qxb7 Nbd7 11. Nxc6 Qc8 12. Ba6 Qxb7 13. Bxb7 Rb8 14. Nxb8
Nxb8 15. Bf4 Nbd7 16. O-O Be7 17. c4 O-O 18. Rac1 g5 19. Bc7 Ne8 20. Ba5 Nd6
21. Bc6 Nb8 22. Bf3 g4 23. Bxg4 Nc6 24. Bd2 Nxd4 25. c5 Ne4 26. Nxe4 Bxe4 27.
Bxh6 Rb8 28. b3 Kh7 29. Be3 Nc2 30. Rfd1 Nxe3 31. fxe3 Rg8 32. Bh3 Bc6 33. g3
Rg5 34. Bg2 Bxg2 35. Kxg2 Bxc5 36. Rd7 Kg6 37. e4 Bb6 38. b4 Re5 39. Rc4 1-0

[Event "Obert Pobla de Lillet 2017"]
[Site "La Pobla de Lillet ESP"]
[Date "2017.08.09"]
[Round "9.9"]
[White "Palacios Herrero, Pablo"]
[Black "Prats Rodriguez, Juan Bosco"]
[Result "1-0"]
[WhiteElo "2122"]
[BlackElo "1978"]
[PlyCount "57"]
[EventDate "2017.08.01"]
[EventType "swiss"]
[EventRounds "9"]
[EventCountry "ESP"]
[SourceTitle "Ajedrez en Madrid"]
[Source "lmi"]
[SourceDate "2016.08.01"]

1. e4 d6 2. d4 Nf6 3. Nc3 g6 4. f4 Bg7 5. Nf3 O-O 6. Bd3 Nc6 7. e5 dxe5 8. fxe5
Nh5 9. Ne2 f6 10. exf6 exf6 11. O-O Kh8 12. c3 Bg4 13. h3 Bxf3 14. Rxf3 f5 15.
Nf4 Nxf4 16. Bxf4 a6 17. Qe1 Re8 18. Qg3 Rc8 19. Re1 Rxe1+ 20. Qxe1 Qd7 21. Re3
Bf6 22. Bc4 Nxd4 23. Re7 Qc6 24. Be5 Nf3+ 25. gxf3 Qc5+ 26. Bd4 Bxd4+ 27. cxd4
Qxd4+ 28. Kh1 Qxc4 29. Qe5+ 1-0

[Event "Obert Pobla de Lillet 2017"]
[Site "La Pobla de Lillet ESP"]
[Date "2017.08.09"]
[Round "9.10"]
[White "Perez Garcia, Adria"]
[Black "Bes Alvarez, Alex"]
[Result "1-0"]
[WhiteElo "2035"]
[BlackElo "1771"]
[PlyCount "71"]
[EventDate "2017.08.01"]
[EventType "swiss"]
[EventRounds "9"]
[EventCountry "ESP"]
[SourceTitle "Ajedrez en Madrid"]
[Source "lmi"]
[SourceDate "2016.08.01"]

1. d4 d5 2. c4 e6 3. Nc3 Nf6 4. Bg5 Be7 5. e3 b6 6. cxd5 exd5 7. Nf3 Bb7 8. Bd3
h6 9. Bh4 O-O 10. O-O c5 11. Rc1 Nbd7 12. Bb1 Ne4 13. Bxe7 Qxe7 14. dxc5 Nxc3
15. Rxc3 bxc5 16. Qd3 Nf6 17. Qb5 Rac8 18. Rfc1 a6 19. Qa5 Nd7 20. Rb3 Rb8 21.
Qd2 Rfc8 22. Bf5 Rc7 23. Rbc3 Nf6 24. b4 g6 25. Bb1 Ne4 26. Bxe4 dxe4 27. Ne1
Rd7 28. Qb2 cxb4 29. Rc4 a5 30. Rc5 Rd5 31. Rc7 Qe5 32. Qe2 Qd6 33. Qg4 Rg5 34.
Qe2 Rd5 35. Qc4 Rd2 36. Qxf7+ 1-0

[Event "Obert Pobla de Lillet 2017"]
[Site "La Pobla de Lillet ESP"]
[Date "2017.08.09"]
[Round "9.12"]
[White "Moya Arau, Carles"]
[Black "Garcia Galeote, Lorenzo"]
[Result "1/2-1/2"]
[WhiteElo "2065"]
[BlackElo "1985"]
[PlyCount "24"]
[EventDate "2017.08.01"]
[EventType "swiss"]
[EventRounds "9"]
[EventCountry "ESP"]
[SourceTitle "Ajedrez en Madrid"]
[Source "lmi"]
[SourceDate "2016.08.01"]

1. e4 b6 2. Nc3 Bb7 3. f4 e6 4. Nf3 g6 5. Bc4 d5 6. exd5 exd5 7. Qe2+ Ne7 8.
Qe5 Rg8 9. Bb3 Bg7 10. Qe2 Kf8 11. O-O Nbc6 12. d3 Nd4 1/2-1/2